000 01440nam a2200241Ia 4500
003 Ost
005 20260507075100.0
008 260507s9999||||xx |||||||||||||| ||und||
020 _a7411404977
040 _cfsecg
041 _aara
082 _a346.02
100 _aعبد الرحمن، أحمد شوقي محمد
_eمؤلف
245 0 _aتفسير العقد ومضمون الالتزام العقدي وفقا لقواعد الإثبات :
_bدراسة فقهية وقضائية /
_c أحمد شوقي محمد عبد الرحمن
260 _aالاسكندرية:
_bمنشأة المعارف,
_c2003
300 _a239 صفحة؛
_c24 سم
490 _aالكتب القانونية
504 _aبيبليوغرافيا ص.213
520 _aطرق داخلية تستمد التفسير منعبارات العقد،تفسير الشرط بناء على معناه الواضح،تفسير الشرط الغامض بناء على عبارة العقد في مجموعها،مدى الأهمية الخاصة لبعض شروط العقد ،طرق خارجية لا تستند إلى عبارات العقد لتفسيره وتحديد مضمونه،طرق خارجية لاتستند إلى عبارات العقد لتفسيره،الظروف الخارجية المؤثرة في مضمون الالتزام ببذل عناية
653 _aالعقود
653 _aالقانون المدني
942 _cكتاب
999 _c42782
_d42782